[Event "HCL-B256"]
[Site "www.playchess.de"]
[Date "2001.04.06"]
[Round "5"]
[White "lebesgue"]
[Black "Capablancanot"]
[WhiteElo "1500"]
[BlackElo "1593"]
[PlyCount "79"]
[Result "1-0"]

1.d4 {hi and good luck}  d6 {Have fun...I look 
forward to a great game.}  2.c4 Nd7 3.Nf3 Ngf6 
4.Nc3 e5 5.d5 c6 6.e4 Qc7 7.Be2 h6 8.O-O Be7 9.b4 
Nf8 10.Nd2 Ng6 11.Nb3 O-O 12.Be3 Nf4 13.f3 N6h5 {I 
didn't realize you were from Hellas. I spent the 
summer of 1999 in Athens. Beautiful country.}  
14.c5 {Unfortunately, I miss my country also. Now 
I am in Spain}  Nxe2+ {Willyou be back in time for 
the Olympics? I wish I could go back at that 
time.}  15.Qxe2 {I hope so, but I don't know. My 
life is very unpredictable. You will go as an 
athlet?}  f5 {Lol Lol No! I am 40 yrs old. I love 
Hellas. I would like to see the Olympics there.}  
16.Rac1 {Then, I hope to be there, to invite you 
in Thessaloniki. Have you been in the north?}  f4 
{No I have not...I would love to see it! And you 
are invited to California to stay any time!!}  
17.cxd6 {North is a bit different. Not so much 
sun, but the landscape is more wild. Big 
mountains, rapids etc}  Qxd6 {Much like 
California! It is the best country I have ever 
visited. Wounderful people.}  18.Bc5 {Ja You are 
right. The style of people is the most interesting 
in a country!}  Qc7 {I look forward to a visit. It 
is a great place.}  19.Rfd1 Bd6 20.Qc4 Bxc5+ 
21.Qxc5 Qb6 22.d6 Nf6 23.a4 Rd8 24.a5 Qxc5+ 
25.bxc5 g5 26.Na4 Kf7 27.Nd2 Ke6 28.Nc4 h5 29.Nab2 
g4 30.Kf2 Rb8 31.Nd3 Nd7 32.Rcb1 Rg8 33.Rb2 gxf3 
34.gxf3 h4 35.Rg1 Rxg1 36.Kxg1 h3 37.Kf2 Ra8 
38.Ke1 b5 39.axb6 axb6 40.Nxb6 1-0

[Event "HCL-B250"]
[Site "www.playchess.de"]
[Date "2001.04.06"]
[Round "13"]
[White "sarx"]
[Black "pfff5"]
[WhiteElo "1345"]
[BlackElo "1237"]
[PlyCount "24"]
[Result "0-1"]

1.e4 e5 2.Nf3 Nc6 3.Bb5 a6 4.Ba4 Nf6 5.Bxc6 dxc6 
6.d3 h6 7.Nxe5 Bc5 8.O-O O-O 9.Nd2 Qd4 10.Ndf3 Qd6 
11.Bf4 Re8 12.d4 Bb6 0-1

[Event "HCL-B250"]
[Site "www.playchess.de"]
[Date "2001.04.06"]
[Round "33"]
[White "real1"]
[Black "raqueldouve"]
[WhiteElo "1227"]
[BlackElo "1200"]
[PlyCount "55"]
[Result "1/2-1/2"]

1.d4 d5 2.c4 c6 3.c5 e6 4.Nf3 Nf6 5.Bg5 Be7 6.Nc3 
Nbd7 7.e3 b5 8.b4 a5 9.a3 a4 10.g3 h6 11.Bxf6 Nxf6 
12.Ne5 Bb7 13.Bg2 Nd7 14.Nxd7 Qxd7 15.O-O O-O 
16.Re1 f5 17.f4 {funny}  g6 18.Qf3 h5 19.Ref1 Bc8 
20.h3 Rf7 21.g4 h4 22.g5 Rh7 23.Nb1 Bb7 24.Nd2 Kf7 
25.Qf2 Rah8 26.Nf3 Kg7 27.Ne5 Qe8 
28.Qf3 1/2-1/2

[Event "HCL-B226"]
[Site "www.playchess.de"]
[Date "2001.04.06"]
[Round "14"]
[White "gingy"]
[Black "ragadous"]
[WhiteElo "1200"]
[BlackElo "1559"]
[PlyCount "44"]
[Result "0-1"]

1.d4 Nf6 {good luck}  2.c4 {hi from uk}  g6 3.Nc3 
Bg7 4.Nf3 O-O 5.Bg5 d6 {were in the uk do you 
stay.}  6.Qb3 Nc6 7.e3 h6 8.Bh4 Bd7 9.Bd3 
{LIVERPOOL,AND WHICH PART OF THE COUNTRY DO YOU 
COME FROM?}  Nh7 {scotland.coatbridge}  10.O-O g5 
11.Bg3 Qc8 12.Qc2 {have u had a bad winter?}  f5 
13.h3 Nb4 14.Qd1 Nxd3 15.Qxd3 c6 16.c5 Nf6 17.cxd6 
exd6 18.Bxd6 Re8 19.Rae1 Ne4 20.Be5 Bf8 21.Nxe4 
fxe4 22.Qxe4 Bf5 0-1

[Event "HCL-A116"]
[Site "www.playchess.de"]
[Date "2001.04.06"]
[Round "7"]
[White "Chapo"]
[Black "Kaiko"]
[WhiteElo "1985"]
[BlackElo "1916"]
[PlyCount "30"]
[Result "0-1"]

1.c4 Nf6 2.Nc3 g6 3.e4 d6 4.d4 Bg7 5.f4 O-O 6.Nf3 
c5 7.e5 Ne8 8.dxc5 Nc6 9.cxd6 exd6 10.exd6 Qa5 
11.Bd2 Nxd6 12.Nd5 Re8+ 13.Ne3 Rxe3+ 14.Kf2 Ne4+ 
15.Kxe3 Qc5+ 0-1

[Event "HCL-C249"]
[Site "www.playchess.de"]
[Date "2001.04.06"]
[Round "4"]
[White "surak"]
[Black "Elrond"]
[WhiteElo "1173"]
[BlackElo "1662"]
[PlyCount "26"]
[Result "0-1"]

1.e4 e5 2.Nf3 Nc6 3.Bb5 a6 4.Ba4 Nf6 5.Bxc6 dxc6 
6.d3 Bd6 7.Nbd2 Bg4 8.h3 Be6 9.Ng5 Bd7 10.Nc4 h6 
11.Nf3 Qe7 12.Be3 b5 13.Nxd6+ cxd6 0-1

[Event "HCL-C257"]
[Site "www.playchess.de"]
[Date "2001.04.06"]
[Round "3"]
[White "Vladik"]
[Black "MEATHEAD"]
[WhiteElo "1000"]
[BlackElo "1030"]
[PlyCount "36"]
[Result "0-1"]

1.e4 e5 2.Nf3 Nf6 3.Nc3 {hi do you want to finish 
this game today ?}  Nc6 {if u think u can}  4.Bb5 
Bb4 5.Bxc6 bxc6 6.Nxe5 d6 7.Nxc6 Qd7 8.Nxb4 Rb8 
9.Na6 Rb6 10.Nd5 Rxa6 11.Qe2 Ra4 12.Nc3 Ra5 13.b4 
Re5 14.Nd5 Bb7 15.Nc3 Nxe4 16.Nxe4 Bxe4 17.f3 Bxc2 
18.f4 Rxe2+ 0-1

[Event "HCL-B263"]
[Site "www.playchess.de"]
[Date "2001.04.06"]
[Round "2"]
[White "Bastian1"]
[Black "sundfar"]
[WhiteElo "1500"]
[BlackElo "1450"]
[PlyCount "52"]
[Result "0-1"]

1.e4 {emma1@t-online.de}  e5 {bjorn}  2.Bc4 Nc6 
3.Qf3 Nf6 4.g4 Nd4 5.Qd3 Nxg4 6.Nf3 Qf6 7.Nxd4 
Qxf2+ 8.Kd1 exd4 9.Rf1 Bc5 10.Qe2 Qxe2+ 11.Kxe2 
O-O 12.h3 Ne5 13.b3 Nxc4 14.bxc4 d5 15.cxd5 Bxh3 
16.Rh1 Bg2 17.Rh2 Bxe4 18.d3 Bg6 19.Ba3 Bxa3 
20.Nxa3 Rad8 21.Nb5 Rxd5 22.Rb1 Rc5 23.Nxd4 b6 
24.Rb5 Rxb5 25.Nxb5 h6 26.Nxc7 Rc8 {your last move 
was not so good}  0-1

[Event "HCL-C257"]
[Site "www.playchess.de"]
[Date "2001.04.06"]
[Round "7"]
[White "mdammann"]
[Black "Bishop_F1G2"]
[WhiteElo "1100"]
[BlackElo "1000"]
[PlyCount "74"]
[Result "0-1"]

1.e4 e5 2.d3 Nc6 3.Be3 Nf6 4.Nc3 Bb4 5.Qd2 O-O 
6.a3 Bxc3 7.Qxc3 d6 8.Be2 Ng4 9.Bxg4 Bxg4 10.a4 d5 
11.Qb3 d4 12.Bd2 b6 13.Qb5 Qd6 14.f3 Be6 15.Qa6 
Nb4 16.Bxb4 Qxb4+ 17.Kf1 Qxb2 18.Re1 Qxc2 19.Ne2 
Bd7 20.a5 Qd2 21.axb6 cxb6 22.Qb7 Be6 23.Qc7 Qxd3 
24.Qxe5 Bc4 25.Kf2 Qe3+ 26.Kg3 Bxe2 27.Qf4 Qxf4+ 
28.Kxf4 d3 29.h4 Rfd8 30.Ke3 d2 31.Kxe2 dxe1Q+ {%} 
 32.Rxe1 a5 33.Rb1 Ra6 34.Ke3 a4 35.g4 a3 36.Kf4 
a2 37.Ra1 b5 0-1

[Event "ACL-A121"]
[Site "www.playchess.de"]
[Date "2001.04.06"]
[Round "2"]
[White "Mosca"]
[Black "Matti"]
[WhiteElo "1500"]
[BlackElo "1500"]
[PlyCount "59"]
[Result "1-0"]

1.e4 e6 2.d4 d5 3.Nc3 Bb4 4.e5 c5 5.Bd2 cxd4 6.Nb5 
Be7 7.Qg4 g6 8.Nf3 Nc6 9.Nbxd4 Qb6 10.O-O-O Bd7 
11.Be3 Bc5 12.Qf4 Nge7 13.Nb5 Bxe3+ 14.fxe3 Nf5 
15.g4 Qxe3+ 16.Qxe3 Nxe3 17.Re1 Nxf1 18.Nc7+ Ke7 
19.Nxa8 Rxa8 20.Rhxf1 h6 21.h4 Rc8 22.a3 Na5 
23.Nd4 Rc4 24.c3 b5 25.Rf6 Nb7 26.Ref1 Be8 27.h5 
Nd8 28.g5 hxg5 29.h6 Kf8 30.Rxg6 1-0

[Event "HCL-B264"]
[Site "www.playchess.de"]
[Date "2001.04.06"]
[Round "3"]
[White "knkoni"]
[Black "real1"]
[WhiteElo "1200"]
[BlackElo "1229"]
[PlyCount "37"]
[Result "1-0"]

1.e4 c5 2.Nf3 Nc6 3.d4 cxd4 4.Nxd4 e5 5.Nb5 Qf6 
6.Nc7+ Kd8 7.Nxa8 b6 8.Be3 Bc5 9.Bxc5 bxc5 10.Nc3 
Bb7 11.Nc7 Nd4 12.N3d5 Bxd5 13.Nxd5 Qc6 14.c3 Ne6 
15.Bc4 d6 16.O-O Ne7 17.Qb3 h5 18.Qb8+ Nc8 
19.Bb5 1-0

[Event "HCL-A109"]
[Site "www.playchess.de"]
[Date "2001.04.06"]
[Round "2"]
[White "easykiller"]
[Black "LUCIANO"]
[WhiteElo "1631"]
[BlackElo "1700"]
[PlyCount "77"]
[Result "1-0"]

1.d4 {Hi from Slovakia}  d5 2.Nf3 e6 3.g3 Nf6 4.c4 
dxc4 5.Qa4+ Nc6 6.Qxc4 Bd6 7.Bg2 O-O 8.O-O h6 
9.Bf4 Bxf4 10.gxf4 Qd6 11.e3 a6 12.Ne5 Nd5 13.Nxc6 
Qxc6 14.Qxc6 bxc6 15.Rc1 Bd7 16.Nd2 Rab8 17.b3 
Rfc8 18.Rc5 Rb5 19.Bf1 Rxc5 20.dxc5 Ra8 21.Nc4 f6 
22.Rd1 Bc8 23.Na5 Nc3 24.Rd8+ Kh7 25.Bc4 Ne4 
26.Bxe6 Bb7 27.Nxb7 Rxd8 28.Nxd8 Nxc5 29.Bc4 Kg6 
30.Nxc6 Kf5 31.f3 Kg6 32.b4 Na4 33.Bxa6 Nc3 34.Bc4 
Nd1 35.Bd3+ Kf7 36.a4 Nb2 37.a5 Nxd3 38.a6 Nb2 
39.a7 1-0

[Event "HCL-A109"]
[Site "www.playchess.de"]
[Date "2001.04.06"]
[Round "4"]
[White "LUCIANO"]
[Black "Whatever"]
[WhiteElo "1700"]
[BlackElo "1544"]
[PlyCount "88"]
[Result "0-1"]

1.d4 Nf6 {Have a good game.}  2.c4 c5 3.e3 g6 
4.Nf3 Bg7 5.Nc3 cxd4 6.Nxd4 O-O 7.Be2 Nc6 8.O-O d5 
9.cxd5 Nxd5 10.Nxc6 bxc6 11.Nxd5 cxd5 12.Bf3 e6 
13.Qc2 Ba6 14.Rd1 Qb6 15.Rb1 Rfc8 16.Qd2 Rab8 
17.b3 Qc5 18.Bb2 Qc2 {I'll take it that you don't 
want a draw!?}  19.Bxg7 Qxd2 20.Rxd2 Kxg7 21.Be2 
Rb6 22.Bxa6 Rxa6 23.g3 Kf8 24.a4 Ke7 25.Kf1 Rb8 
26.Ke2 Rxa4 27.bxa4 Rxb1 28.Rc2 Kd7 {.}  29.Rd2 
Rb4 30.Rd4 Rxd4 31.exd4 Kd6 32.Kd3 g5 33.h3 h5 
34.f3 f6 35.Kc3 e5 36.Kd3 exd4 37.Kxd4 f5 38.Kd3 
Kc5 39.Kc3 d4+ 40.Kd3 Kd5 41.a5 a6 42.g4 fxg4 
43.h4 gxh4 44.f4 h3 0-1

[Event "HCL-A109"]
[Site "www.playchess.de"]
[Date "2001.04.06"]
[Round "5"]
[White "Whatever"]
[Black "Rifleman"]
[WhiteElo "1544"]
[BlackElo "1554"]
[PlyCount "23"]
[Result "1-0"]

1.e4 {Have a good game}  e6 2.d4 d5 {Thank you  
and the same to you.}  3.Nc3 Nf6 {:}  4.e5 Nfd7 
5.f4 f6 6.Nf3 Bb4 7.Bd2 fxe5 8.fxe5 O-O 9.Bd3 c5 
10.Ng5 Qe7 11.Bxh7+ Kh8 12.Qh5 1-0

[Event "HCL-B253"]
[Site "www.playchess.de"]
[Date "2001.04.06"]
[Round "4"]
[White "serpens"]
[Black "zmaster"]
[WhiteElo "1042"]
[BlackElo "1200"]
[PlyCount "20"]
[Result "0-1"]

1.e4 d5 {have a nice game: Linda}  2.exd5 Qxd5 
3.Nc3 Qe6+ 4.Be2 Nh6 5.Nf3 Nc6 6.O-O g6 7.d4 Nd8 
{its a mash on my side >:)}  8.Re1 Bd7 9.Ng5 Qf6 
10.Nd5 Qd6 0-1

[Event "HCL-A119"]
[Site "www.playchess.de"]
[Date "2001.04.06"]
[Round "33"]
[White "easykiller"]
[Black "Yogibear"]
[WhiteElo "1639"]
[BlackElo "1828"]
[PlyCount "98"]
[Result "0-1"]

1.d4 {Hi again !}  d5 {hello, nice to meet you 
again. Good luck! Jürgen}  2.Nf3 {I hope, now I 
will be succesfull, Jan}  c6 {If we have a fine 
game, no problem for me to lose!}  3.g3 Nf6 4.Bg2 
Bf5 5.O-O e6 6.b3 c5 7.dxc5 Bxc5 8.Bb2 O-O 9.Nbd2 
Nc6 10.a3 Ng4 11.e3 Bxe3 {Bxe3 seemed to be a risk 
move, but why always play like a scaredy-cat! 
Greetings!}  12.fxe3 {Yes, I agree.}  Nxe3 13.Qe2 
Nxf1 14.Rxf1 Qb6+ 15.Kh1 Bxc2 16.b4 Ba4 17.Qf2 
Qxf2 18.Rxf2 Rfc8 19.Nb1 a5 20.bxa5 Nxa5 21.Bf1 
Rc2 22.Rxc2 Bxc2 23.Nbd2 Nc6 24.Kg1 f6 25.Kf2 e5 
26.Ne1 Bg6 27.Nb3 Kf7 28.Ke3 d4+ 29.Kd2 Ke6 30.Nd3 
Kd5 31.Ndc5 Ra7 32.Nd7 Na5 33.Nb6+ {Do you have 
FIDE rating ?I have 2115, but it seems, you are 
stronger}  Kc6 {no RATING, but active player in 
local chess-club! TNX!}  34.Nxa5+ Rxa5 35.Nc4 Ra6 
36.Kd1 Kd5 37.Nd2 Rc6 38.Bb5 Bh5+ 39.Ke1 Rc2 
40.Bc4+ Rxc4 41.Nxc4 Kxc4 42.Kd2 Bg4 43.Bc1 e4 
44.Ke1 e3 45.Kf1 g5 46.Ke1 f5 47.Kf1 f4 48.gxf4 
gxf4 49.h4 d3 0-1

[Event "HCL-B273"]
[Site "www.playchess.de"]
[Date "2001.04.06"]
[Round "12"]
[White "lebesgue"]
[Black "Mr_Chess_14"]
[WhiteElo "1551"]
[BlackElo "1500"]
[PlyCount "31"]
[Result "1-0"]

1.d4 Nf6 2.Nf3 e6 3.c4 c5 {hi!!}  4.d5 exd5 5.cxd5 
c4 6.Nc3 Bb4 7.Bg5 h6 8.Bh4 g5 9.Bg3 Bxc3+ 10.bxc3 
Qa5 11.Qd4 Ke7 12.d6+ Ke6 13.e4 Nc6 14.Bxc4+ Nd5 
{you are going to win}  15.exd5+ Kf5 
16.Bd3+ 1-0

[Event "HCL-C270"]
[Site "www.playchess.de"]
[Date "2001.04.06"]
[Round "9"]
[White "MEATHEAD"]
[Black "Brazil"]
[WhiteElo "955"]
[BlackElo "1560"]
[PlyCount "61"]
[Result "1-0"]

1.e4 c5 2.Bc4 Nc6 3.Nc3 g6 4.Qf3 Ne5 5.Qe2 Nxc4 
6.Qxc4 d6 7.Nf3 Be6 8.Qb5+ Qd7 9.Qxd7+ Kxd7 10.d4 
cxd4 11.Nxd4 Bg7 12.Be3 a6 13.O-O Rc8 14.Rac1 Bc4 
15.Rfd1 e6 16.b3 Bb5 17.a4 Bc6 18.b4 b6 19.b5 Bxb5 
20.Ncxb5 axb5 {hey man.....i didnt play Bxb5. It 
was a6xb5 instead.....can we go back ?}  21.Nxb5 
{r u serious?}  Rc6 {yes.....but 
nevermind......that doesnt make any diference...im 
losing anyway}  22.f4 Ne7 23.c4 Rhc8 24.Bd4 Bxd4+ 
25.Rxd4 Ra8 26.e5 d5 27.Re1 Rxa4 28.Rd2 Rcxc4 
29.g3 Ra5 30.Nd6 f5 31.Nxc4 1-0

[Event "HCL-C263"]
[Site "www.playchess.de"]
[Date "2001.04.06"]
[Round "13"]
[White "lienk"]
[Black "MEATHEAD"]
[WhiteElo "1021"]
[BlackElo "955"]
[PlyCount "25"]
[Result "1-0"]

1.e4 e5 2.Nf3 Nc6 3.Bc4 Nf6 4.Nc3 Bc5 5.d3 Ng4 
6.O-O d6 7.Ng5 O-O 8.h3 Bxf2+ 9.Rxf2 Nxf2 10.Kxf2 
Qf6+ 11.Kg1 a6 12.Qh5 Be6 13.Qxh7+ 1-0

[Event "HCL-B280"]
[Site "www.playchess.de"]
[Date "2001.04.06"]
[Round "9"]
[White "jalal"]
[Black "whatsleft2"]
[WhiteElo "1417"]
[BlackElo "1885"]
[PlyCount "48"]
[Result "0-1"]

1.e4 d5 {goodluck}  2.exd5 Nf6 3.Nc3 {same}  e6 
4.dxe6 Bxe6 {where are you from i am in south 
texas}  5.d3 {tulsa,oklahoma}  Bb4 6.Bd2 Nc6 7.a3 
Bc5 8.h3 Qe7 9.Be2 O-O-O 10.Nf3 Rhe8 11.O-O Nd5 
12.Re1 Nxc3 13.Bxc3 Qd6 14.Nd2 Bd4 15.Nf3 Bb6 
16.Rf1 f6 17.Qd2 Kb8 18.Nh2 Nd4 19.Bf3 Nxf3+ 
20.Nxf3 Bxh3 21.gxh3 Qg3+ 22.Kh1 Qxf3+ 23.Kh2 Re2 
24.Qd1 Bxf2 0-1

[Event "HCL-C268"]
[Site "www.playchess.de"]
[Date "2001.04.06"]
[Round "14"]
[White "MEATHEAD"]
[Black "HrDoctor"]
[WhiteElo "956"]
[BlackElo "1000"]
[PlyCount "50"]
[Result "0-1"]

1.e4 e5 2.Bc4 Nc6 3.Qf3 Nf6 4.Ne2 Bc5 5.O-O d6 
6.a3 a6 7.c3 b5 8.Bd3 O-O 9.Ng3 Bg4 {:-((   ???}  
10.Qxf6 Qxf6 11.b4 Bb6 12.h3 Be6 13.Be2 Ne7 14.d3 
Ng6 15.c4 Nf4 16.cxb5 Bxh3 17.gxh3 Nxh3+ 18.Kg2 
Nf4+ 19.Bxf4 exf4 20.Nf5 Qg5+ 21.Kf3 g6 22.Ne7+ 
Qxe7 23.Kxf4 Qh4+ 24.Bg4 h5 25.Rg1 
Qxf2+ 0-1

[Event "HCL-B283"]
[Site "www.playchess.de"]
[Date "2001.04.06"]
[Round "13"]
[White "Lycanth"]
[Black "richard"]
[WhiteElo "1242"]
[BlackElo "1488"]
[PlyCount "64"]
[Result "0-1"]

1.e4 c5 {you again!!}  2.Nf3 {hello again :)}  d6 
{no morra this time!!}  3.d4 {hehe yep u draw to 
easily last time i had no chance to win}  cxd4 
{you could lose this time}  4.Nxd4 {i could but u 
too :) no comp too help us now}  Nf6 5.Nc3 a6 
6.Bg5 e6 7.Qf3 h6 8.Bxf6 Qxf6 9.Qxf6 gxf6 10.O-O-O 
Bd7 11.g3 Nc6 12.Bg2 Rb8 13.f4 Nxd4 14.Rxd4 h5 
15.Rhd1 h4 16.g4 Bh6 17.Kb1 Bxf4 {thanks for the 
pawn}  18.h3 Be5 19.R4d3 Ke7 20.Ne2 Rhg8 21.Ng1 
Bb5 22.R3d2 Bf4 23.R2d4 Be3 24.Rb4 Bc5 25.Rb3 f5 
26.exf5 exf5 27.Re1+ Kf8 28.Bf3 fxg4 29.Bxg4 Re8 
30.Nf3 Rxe1+ 31.Nxe1 Bc6 32.a3 
f5 0-1

[Event "HCL-C276"]
[Site "www.playchess.de"]
[Date "2001.04.06"]
[Round "5"]
[White "MEATHEAD"]
[Black "Natacuin"]
[WhiteElo "895"]
[BlackElo "1526"]
[PlyCount "76"]
[Result "0-1"]

1.e4 c5 2.d3 Nc6 {Hello}  3.Qh5 Nf6 4.Qxc5 e6 
5.Qe3 b6 6.Nc3 Bc5 7.Qg5 O-O 8.Nb5 Ba6 9.a4 Nb4 
10.Kd1 d5 11.exd5 exd5 12.Nf3 Re8 13.Be2 Qd7 14.d4 
Be7 15.Bf4 Ne4 16.Qe5 Nxf2+ 17.Kd2 Nc6 18.Qc7 Qxc7 
19.Nxc7 Nxh1 20.Rxh1 Bxe2 21.Kxe2 Bg5+ 22.Nxe8 
Rxe8+ 23.Kf2 Bxf4 24.g3 Be3+ 25.Kg2 g5 26.h4 g4 
27.Ng5 h6 28.c3 hxg5 29.h5 Kg7 30.h6+ Kg6 31.h7 
Rh8 32.b3 Rxh7 33.Rxh7 Kxh7 34.c4 dxc4 35.d5 Ne5 
36.bxc4 Nxc4 37.Kf1 Bc5 38.Kg2 
Nb2 0-1

[Event "ACL-A154"]
[Site "www.playchess.de"]
[Date "2001.04.06"]
[Round "5"]
[White "morphy"]
[Black "showgun"]
[WhiteElo "1500"]
[BlackElo "1500"]
[PlyCount "29"]
[Result "1-0"]

1.e4 e6 2.d4 d6 3.c4 c6 4.Nf3 Nd7 5.Nc3 h6 6.Be2 
c5 7.O-O Ngf6 8.dxc5 Nxc5 9.e5 Nfd7 10.exd6 Nf6 
11.Nb5 Na6 12.Be3 b6 13.Qa4 Qd7 14.Ne5 Qb7 
15.Nc7+ 1-0

[Event "HCL-B282"]
[Site "www.playchess.de"]
[Date "2001.04.06"]
[Round "8"]
[White "knightmare"]
[Black "whatsleft2"]
[WhiteElo "1500"]
[BlackElo "1887"]
[PlyCount "26"]
[Result "0-1"]

1.d4 d5 {goodluck}  2.Nf3 {Thx u2}  e6 {where are 
you from i am in south texas on gulf of mexico}  
3.e3 c5 4.c3 Nf6 5.Bd3 Nc6 6.O-O {Downstate New 
York - About 60 miles north of NYCity}  Bd6 7.Nbd2 
O-O 8.Re1 e5 9.dxe5 Nxe5 10.Nxe5 Bxe5 11.Nf3 Bc7 
12.e4 dxe4 13.Bxe4 Qxd1 0-1

[Event "HCL-A124"]
[Site "www.playchess.de"]
[Date "2001.04.06"]
[Round "18"]
[White "Gruhni"]
[Black "LUPES"]
[WhiteElo "1302"]
[BlackElo "1797"]
[PlyCount "64"]
[Result "0-1"]

1.e4 e5 2.Nf3 Nc6 3.Bb5 a6 4.Bxc6 dxc6 5.Nxe5 Qd4 
6.Nf3 Qxe4+ 7.Qe2 Qxe2+ 8.Kxe2 Bg4 9.h3 Bh5 10.g4 
Bg6 11.d3 Bd6 12.Nh4 Ne7 13.Be3 O-O 14.Nd2 Nd5 
15.Nxg6 fxg6 16.Ne4 Rae8 17.Rhf1 Be5 18.d4 Bxd4 
19.Bxd4 Rxe4+ 20.Be3 Rfe8 21.Kd2 Nxe3 22.fxe3 
R4xe3 23.Rfe1 R3xe1 24.Rxe1 Rxe1 25.Kxe1 Kf7 
26.Ke2 Kf6 27.Kf3 Ke5 28.Ke3 c5 29.a3 c4 30.b4 
cxb3 {Na...,willst Du wirklich noch auf Remis 
spielen??(!)}  31.cxb3 {Nö, auf Sieg :) Mal im 
Ernst: Ich hab' halt nix besseres zu tun im 
Moment!}  g5 {Das passt! Da sind wir schon zwei!!} 
 32.a4 {Schlimm sind die Spieler, die merken, dass 
sie verloren haben und dann nicht mehr ziehen!}  
a5 {Na ja,vielleicht pack ich ja noch ein 
Remis!?...Gut Ding will Weile,oder so.} 
 0-1

[Event "HCL-A124"]
[Site "www.playchess.de"]
[Date "2001.04.06"]
[Round "24"]
[White "LUPES"]
[Black "Whatever"]
[WhiteElo "1797"]
[BlackElo "1563"]
[PlyCount "25"]
[Result "1-0"]

1.e4 c5 2.Nf3 Nc6 {Have a good game.}  3.Bb5 
{Thanks u2}  g6 4.O-O Bg7 5.c3 Nf6 6.e5 Ng4 7.d4 
cxd4 8.cxd4 a6 {Did I really move the Ng4 - I can 
hardly believe that - it is even worse than I know 
I already am.}  9.Ba4 b5 10.Bb3 O-O 11.Bg5 d6 
12.h3 Nh6 13.Qc1 1-0

[Event "HCL-C284"]
[Site "www.playchess.de"]
[Date "2001.04.06"]
[Round "10"]
[White "Eusebio"]
[Black "TAX"]
[WhiteElo "1000"]
[BlackElo "1200"]
[PlyCount "24"]
[Result "0-1"]

1.e4 e5 2.Nf3 d6 3.Nc3 g5 4.Nd5 g4 5.Nxc7+ Qxc7 
6.Ng5 h6 7.c3 hxg5 8.Bd3 Qb6 9.O-O d5 10.Re1 g3 
11.hxg3 Bc5 12.Re2 Qh6 0-1

[Event "HCL-C281"]
[Site "www.playchess.de"]
[Date "2001.04.06"]
[Round "7"]
[White "Lukas"]
[Black "hercos"]
[WhiteElo "540"]
[BlackElo "1220"]
[PlyCount "39"]
[Result "1-0"]

1.e4 {Neues Spiel, neues Glück!}  c5 {Wer weiss ?} 
 2.Nf3 d6 3.d4 cxd4 {Wieder die sizilianische 
Najdorf Eröffnung ?}  4.Nxd4 {Gerne...}  Nf6 5.Nc3 
a6 6.Bg5 e6 7.f4 Be7 8.Qf3 Qc7 9.O-O-O Nbd7 10.Qg3 
b5 11.Bxb5 axb5 12.Ndxb5 Qb8 13.e5 dxe5 14.fxe5 
Nxe5 {This line is very dangerous for both players 
!!! Sieh unserer Spiel in "Annotated Games 
Section"}  15.Rhe1 {Du Kannst remis anbieten. ;-)} 
 Ned7 {Noch nicht.}  16.Nc7+ Kf8 17.Ref1 Ra7 
18.Bxf6 Nxf6 19.Nxe6+ fxe6 20.Qxb8 1-0

[Event "HCL-C289"]
[Site "www.playchess.de"]
[Date "2001.04.06"]
[Round "3"]
[White "Lukas"]
[Black "hercos"]
[WhiteElo "845"]
[BlackElo "1344"]
[PlyCount "49"]
[Result "1-0"]

1.e4 c5 2.Nf3 d6 3.d4 cxd4 4.Nxd4 Nf6 5.Nc3 a6 
6.Bg5 Nbd7 7.Bc4 Qc7 8.Qe2 g6 9.Bxf6 Nxf6 10.Nd5 
Nxd5 11.exd5 Bg7 12.O-O-O O-O 13.Rhe1 Re8 14.Bb3 
h5 15.Kb1 Bd7 {Online ?}  16.h3 {Ja ich bin online 
:) Oder was meinst Du?}  b5 {ICCF Jubilee Email 
Open tournament http://www.iccf.com}  17.c3 {Ich 
schaue dort mal später vorbei...}  Qb7 18.Nc6 {Wie 
spät ist es bei Dir? Hier ist es jetzt 0:44 Uhr}  
Bxc6 {19:44 Warum schläfst du noch nicht ?}  
19.dxc6 {Ich gehe oft spät ins Bett, stehe dafür 
aber später auf...}  Qc7 20.Bxf7+ Kxf7 21.Qe6+ Kf8 
22.Qxg6 Qxc6 23.Re3 Ra7 24.Rf3+ Kg8 
25.Qf7+ 1-0

[Event "HCL-C289"]
[Site "www.playchess.de"]
[Date "2001.04.06"]
[Round "12"]
[White "MEATHEAD"]
[Black "Lukas"]
[WhiteElo "794"]
[BlackElo "845"]
[PlyCount "74"]
[Result "0-1"]

1.e4 c5 2.Bc4 e6 3.e5 Nc6 4.Nf3 a6 5.d4 cxd4 
6.Nxd4 Qa5+ 7.c3 Qxe5+ 8.Be3 Nf6 9.Nxc6 bxc6 
10.O-O d5 11.Bd3 Bd6 12.g3 Be7 13.Bf4 Qh5 14.Be2 
Qh3 15.f3 Bc5+ 16.Kh1 Nh5 17.Qe1 Nxf4 18.gxf4 Bd6 
19.Qg3 Qxg3 20.hxg3 h5 21.Rf2 Ke7 22.Rh2 g5 23.g4 
h4 24.Rh3 Bxf4 25.Na3 Kd6 26.Nc2 f5 27.Rd1 c5 
28.c4 fxg4 29.fxg4 d4 30.Bd3 e5 31.b4 Bxg4 32.Rg1 
Bxh3 33.Be4 Rab8 34.Bd5 cxb4 35.a3 b3 36.Nb4 Bf5 
37.Nxa6 b2 0-1

[Event "HCL-C055"]
[Site "www.playchess.de"]
[Date "2001.04.06"]
[Round "1"]
[White "arsenic"]
[Black "orange"]
[WhiteElo "1000"]
[BlackElo "800"]
[PlyCount "93"]
[Result "1-0"]

1.e4 c6 2.d4 d5 3.Nd2 Nf6 4.e5 Ne4 5.Nxe4 dxe4 
6.f3 exf3 7.Nxf3 e6 8.Bc4 Bb4+ 9.c3 Ba5 10.O-O O-O 
11.Bg5 Qb6 12.b4 Bxb4 13.cxb4 Qxb4 14.Qb3 a5 
15.Qxb4 axb4 16.Be7 Re8 17.Bxb4 b5 18.Bd3 h6 19.g4 
Na6 20.a3 Bb7 21.Bd6 c5 22.Bxb5 Rec8 23.dxc5 Nxc5 
24.Bxc5 Rxc5 25.a4 Rd8 26.Kf2 g6 27.h4 Rc3 28.Kg3 
Rxf3+ 29.Rxf3 Bxf3 30.Kxf3 Rd4 31.Rc1 g5 32.hxg5 
hxg5 33.Rc4 Rf4+ 34.Rxf4 gxf4 35.Kxf4 Kg7 36.a5 f6 
37.exf6+ Kxf6 38.a6 e5+ 39.Ke4 Kg5 40.Bd7 Kf6 
41.a7 Ke7 42.a8Q Kxd7 43.Kxe5 Ke7 44.Qb7+ Kf8 
45.Kf6 Ke8 46.Qd7+ Kf8 47.Qd8+ 1-0

[Event "HCL-C055"]
[Site "www.playchess.de"]
[Date "2001.04.06"]
[Round "2"]
[White "German04"]
[Black "arsenic"]
[WhiteElo "1172"]
[BlackElo "1000"]
[PlyCount "44"]
[Result "0-1"]

1.e4 c6 2.d4 d5 3.Nc3 dxe4 4.Be3 Bf5 5.f3 exf3 
6.Nxf3 Nd7 7.Bd3 Bxd3 8.Qxd3 Ngf6 9.O-O e6 10.Rfe1 
c5 11.d5 Be7 12.dxe6 fxe6 13.Ng5 O-O 14.Nxe6 Qb6 
15.Nxf8 Bxf8 16.Nd5 Qxb2 17.Nxf6+ Nxf6 18.Qc4+ Kh8 
19.Bxc5 Rc8 20.Rab1 Bxc5+ 21.Kf1 Qd4 22.Qe2 
Qg1+ 0-1

[Event "HCL-C055"]
[Site "www.playchess.de"]
[Date "2001.04.06"]
[Round "4"]
[White "arsenic"]
[Black "Pelikan"]
[WhiteElo "1000"]
[BlackElo "1205"]
[PlyCount "44"]
[Result "0-1"]

1.e4 c5 2.Nf3 d6 3.d4 cxd4 4.Nxd4 Nf6 5.Nc3 a6 
6.Be3 e6 7.f4 Be7 8.Be2 O-O 9.Qd2 Qc7 10.a3 Nc6 
11.O-O-O b5 12.Nxc6 Qxc6 13.Qd4 Bb7 14.Bf3 Nd7 
15.e5 d5 16.b4 Rfc8 17.Bd2 a5 18.Kb2 Nb6 19.Rdc1 
axb4 20.axb4 Nc4+ 21.Kb1 Qa6 22.Ne2 
Qa2+ 0-1

[Event "HCL-C055"]
[Site "www.playchess.de"]
[Date "2001.04.06"]
[Round "5"]
[White "Pelikan"]
[Black "orange"]
[WhiteElo "1205"]
[BlackElo "800"]
[PlyCount "75"]
[Result "1-0"]

1.e4 c6 2.d4 e6 3.Bd3 Nf6 4.e5 Nd5 5.c3 d6 6.Nf3 
g6 7.Bg5 Be7 8.Bh6 a5 9.Qd2 b5 10.O-O Qb6 11.Kh1 
Bb7 12.Qc2 Nd7 13.Nbd2 c5 14.exd6 Bxd6 15.Ne4 
O-O-O 16.Nfg5 Qc7 17.Nxd6+ Qxd6 18.Nxf7 Qb6 
19.Nxd8 Rxd8 20.a3 a4 21.Rac1 e5 22.dxc5 Nxc5 
23.Bxb5 Qxb5 24.c4 Qb3 25.cxd5 Qxd5 26.Qxc5+ Kb8 
27.Qxd5 Rxd5 28.Rfd1 Ka8 29.Rxd5 Bxd5 30.Rc5 Bb7 
31.Rxe5 g5 32.Bxg5 h5 33.Be3 Bc6 34.f4 h4 35.Kg1 
Bd7 36.f5 Kb8 37.f6 h3 38.f7 1-0